00606naa a2200205 i 450000100060000000300090000600500170001500800410003202100070007303500220008004000130010204100080011504300080012310000140013124500620014552000610020765100120026865000270028077300930030758392ES-MaBCM20241016112008.0990217s1999 gbr 000 0 eng d axx a(OCoLC)1365154946 cES-MaBCM0 aeng agbr1 aWiwa, Ken10aIs there life in the crippled giant?b: NigeriacKen Wiwa aEl artículo anterior es sobre el mismo tema (p. 10-12)20aNigeria27aSituación política0 aEn:tThe world todaydLondon : 1999w104754gvol. 55, no. 2, Feb., p. 13-14. - Loc. S.88